[Event "XX Weekend B"]
[Site "Ceriano Laghetto ITA"]
[Date "2011.04.02"]
[Round "2"]
[White "Conta, Diego"]
[Black "Ronconi, Fausto"]
[Result "0-1"]
[WhiteElo "1688"]
[BlackElo "1749"]
[PlyCount "102"]
[EventDate "2011.04.01"]

1. d4 d5 2. c4 e6 3. Nc3 Nf6 4. Bg5 Be7 5. Nf3 O-O 6. e3 Nbd7 7. Qc2 h6 8. Bh4
c5 9. cxd5 Nxd5 10. Bxe7 Qxe7 11. Nxd5 exd5 12. dxc5 Qxc5 13. Qd2 Nf6 14. Rc1
Qd6 15. Bc4 Bg4 16. Be2 Rac8 17. O-O Ne4 18. Qd4 Nf6 19. h3 Be6 20. Nd2 Rc6 21.
Bb5 Rb6 22. Be2 a6 23. Rfd1 Rc6 24. Rxc6 Qxc6 25. Bd3 Rc8 26. Nb3 Qe8 27. Nc5
Rc7 28. Nxe6 Qxe6 29. Be2 Qc8 30. Bg4 Nxg4 31. Qxg4 Qxg4 32. hxg4 Rc2 33. Rb1
f6 34. g3 Kf7 35. a3 Ke6 36. b4 Ke5 37. b5 Rc3 38. bxa6 bxa6 39. a4 Rc4 40. a5
Ra4 41. Rb7 g5 42. Re7+ Kd6 43. Rf7 Ke6 44. Rh7 Rxa5 45. Rxh6 Ra1+ 46. Kg2 a5
47. Rh8 a4 48. Ra8 a3 49. f4 a2 50. Ra6+ Kd7 51. Kf2 Rh1 0-1

[Event "XX Weekend B"]
[Site "Ceriano Laghetto ITA"]
[Date "2011.04.02"]
[Round "2"]
[White "Coppola, Federico"]
[Black "Bertamini, Alberto"]
[Result "1-0"]
[WhiteElo "1749"]
[BlackElo "1692"]
[PlyCount "63"]
[EventDate "2011.04.01"]

1. e4 c5 2. Nf3 d6 3. d4 cxd4 4. Nxd4 Nf6 5. Nc3 a6 6. Bg5 e6 7. f4 Be7 8. Qf3
h6 9. Bh4 Bd7 10. O-O-O Nc6 11. Nxc6 Bxc6 12. Bd3 Qa5 13. Kb1 g5 14. fxg5 hxg5
15. Bg3 O-O-O 16. Rhf1 Rhf8 17. Qe3 Nd7 18. Bf2 Bf6 19. Be1 Qb4 20. Rxf6 Nxf6
21. Nd5 Qc5 22. Qxc5 dxc5 23. Nxf6 c4 24. Be2 Rxd1+ 25. Bxd1 Rh8 26. h3 Rh6 27.
Ng4 Rh8 28. Nf2 b5 29. Bf3 Rg8 30. Bh5 f5 31. Bf7 Rf8 32. Bxe6+ 1-0

[Event "XX Weekend B"]
[Site "Ceriano Laghetto ITA"]
[Date "2011.04.02"]
[Round "2"]
[White "Falchi, Claudio"]
[Black "Santarelli, Sabatino"]
[Result "1-0"]
[WhiteElo "1737"]
[BlackElo "1654"]
[PlyCount "95"]
[EventDate "2011.04.01"]

1. e4 e6 2. d3 Nc6 3. Nf3 Nf6 4. g3 b6 5. Bg2 Bb7 6. O-O Be7 7. Nbd2 O-O 8. h4
e5 9. Nh2 Nd4 10. Ndf3 d6 11. Nxd4 exd4 12. Ng4 Nxg4 13. Qxg4 Rb8 14. h5 Bc8
15. Qe2 Re8 16. h6 g6 17. f4 Bf8 18. f5 g5 19. Qh5 f6 20. c3 Ba6 21. c4 b5 22.
b3 Qe7 23. e5 dxe5 24. Bxg5 Bb7 25. Bxb7 Rxb7 26. Bxf6 Qxf6 27. Qxe8 c6 28. Qh5
Bxh6 29. Kg2 Rg7 30. Qe8+ Qf8 31. Qxe5 Be3 32. Qe6+ Rf7 33. Qxc6 Rxf5 34. Qe6+
Rf7 35. Qxf7+ Qxf7 36. Rxf7 Kxf7 37. cxb5 Ke6 38. Re1 Kd5 39. Kf3 Bg5 40. Kg4
h6 41. Rf1 Kc5 42. a3 Kxb5 43. Rf5+ Kc6 44. Rxg5 hxg5 45. Kxg5 Kd6 46. Kf4 a5
47. g4 Ke6 48. g5 1-0

[Event "XX Weekend B"]
[Site "Ceriano Laghetto ITA"]
[Date "2011.04.02"]
[Round "2"]
[White "Fornasir, Carlo Gustavo"]
[Black "Pace, Roberto"]
[Result "1/2-1/2"]
[WhiteElo "1879"]
[BlackElo "1981"]
[PlyCount "103"]
[EventDate "2011.04.01"]

1. e4 c5 2. c3 d5 3. exd5 Qxd5 4. Nf3 Nf6 5. d4 Nc6 6. Be2 e6 7. O-O Be7 8. h3
O-O 9. c4 Qd6 10. dxc5 Qxc5 11. Be3 Qa5 12. Nc3 Bd7 13. a3 Rac8 14. b4 Qc7 15.
Qc2 a6 16. Rad1 Ne5 17. Nxe5 Qxe5 18. Bd4 Qc7 19. f4 Rcd8 20. Be5 Qc8 21. c5
Bc6 22. Bd3 h6 23. Be4 Rfe8 24. Bxc6 Qxc6 25. Rxd8 Rxd8 26. Rd1 Nd5 27. Qe4 Bf8
28. Nxd5 Rxd5 29. Rxd5 exd5 30. Qe3 Qe6 31. Bd4 Qxe3+ 32. Bxe3 f5 33. Kf2 Kf7
34. Bd4 Ke6 35. Ke3 g6 36. Be5 Be7 37. Kd4 Bh4 38. Bg7 Bf2+ 39. Kd3 h5 40. Ke2
Bg3 41. Kf3 Be1 42. Ke2 Bg3 43. Kf3 Be1 44. Bd4 Bh4 45. Ke3 g5 46. fxg5 Bxg5+
47. Kf3 Bc1 48. a4 Bd2 49. b5 axb5 50. axb5 Bg5 51. g4 fxg4+ 52. hxg4 1/2-1/2

[Event "XX Weekend B"]
[Site "Ceriano Laghetto ITA"]
[Date "2011.04.02"]
[Round "2"]
[White "Guzzetti, Luigi Enrico"]
[Black "Brioschi, Camillo"]
[Result "1-0"]
[WhiteElo "1908"]
[BlackElo "1853"]
[PlyCount "29"]
[EventDate "2011.04.01"]

1. e4 e5 2. Nf3 Nc6 3. Bb5 a6 4. Ba4 Nf6 5. O-O b5 6. Bb3 Be7 7. Re1 O-O 8. c3
d6 9. h3 h6 10. d4 Re8 11. Nbd2 Bf8 12. Nf1 Nh5 13. Bc2 Bb7 14. Ng3 g6 15. a4
1-0

[Event "XX Weekend B"]
[Site "Ceriano Laghetto ITA"]
[Date "2011.04.02"]
[Round "2"]
[White "Losi, Enrico"]
[Black "Alberio, Silvio"]
[Result "1/2-1/2"]
[WhiteElo "1634"]
[BlackElo "1821"]
[PlyCount "83"]
[EventDate "2011.04.01"]

1. e4 c5 2. Nf3 e6 3. d4 cxd4 4. Nxd4 Nf6 5. Nd2 d6 6. Bb5+ Nbd7 7. O-O a6 8.
Bd3 Be7 9. N2f3 O-O 10. Qe2 Qc7 11. Bd2 b6 12. Bc3 Bb7 13. Nb3 Rfe8 14. Kh1 Qb8
15. h3 e5 16. Nfd2 Nf8 17. Nc4 Bc8 18. Ne3 Ng6 19. Nd5 Nxd5 20. exd5 Nf4 21.
Qe3 Nxd5 22. Bxh7+ Kxh7 23. Qe4+ Kg8 24. Qxd5 Be6 25. Qd3 Qb7 26. Rad1 Rac8 27.
Nc1 Bc4 28. Qg3 Bxf1 29. Rxf1 Bf6 30. f4 Rxc3 31. Qxc3 exf4 32. Qb4 Re3 33. Kg1
f3 34. Qd2 fxg2 35. Rxf6 Qe4 36. Qxg2 Re1+ 37. Rf1 Qe3+ 38. Qf2 Qg5+ 39. Kh2
Rxc1 40. Qxf7+ Kh7 41. Rxc1 Qxc1 42. Qh5+ 1/2-1/2

[Event "XX Weekend B"]
[Site "Ceriano Laghetto ITA"]
[Date "2011.04.02"]
[Round "2"]
[White "Milu, Tatiana"]
[Black "Mason, Giovanni"]
[Result "1/2-1/2"]
[WhiteElo "1665"]
[BlackElo "1730"]
[PlyCount "54"]
[EventDate "2011.04.01"]

1. d4 Nf6 2. c3 g6 3. Nf3 Bg7 4. e3 d5 5. h3 b6 6. Bd3 O-O 7. O-O c5 8. Nbd2 c4
9. Bc2 Bb7 10. Re1 Qc7 11. e4 e6 12. Nh2 dxe4 13. Nxe4 Nxe4 14. Bxe4 Bd5 15.
Bxd5 exd5 16. Qf3 Nc6 17. Qxd5 Ne7 18. Qf3 Rfe8 19. Bf4 Qc6 20. Qxc6 Nxc6 21.
Nf3 Ne7 22. Nd2 Nd5 23. Be3 b5 24. a3 Kf8 25. Nf3 h6 26. Kf1 f6 27. Bd2 a6
1/2-1/2

[Event "XX Weekend B"]
[Site "Ceriano Laghetto ITA"]
[Date "2011.04.02"]
[Round "2"]
[White "Monjac, Mislav"]
[Black "Regorda, Massimiliano"]
[Result "1-0"]
[WhiteElo "1982"]
[BlackElo "1881"]
[PlyCount "57"]
[EventDate "2011.04.01"]

1. e4 d5 2. exd5 Qxd5 3. Nc3 Qa5 4. g3 Nf6 5. Bg2 c6 6. Nge2 Bf5 7. b4 Qc7 8.
O-O e6 9. Rb1 Bd6 10. b5 Nd5 11. bxc6 bxc6 12. Nxd5 cxd5 13. Nd4 Bg6 14. Nb5
Qc6 15. Nxd6+ Qxd6 16. Rb3 Nd7 17. Ba3 Qa6 18. Re1 Qc4 19. d3 Qc6 20. c4 Nb6
21. cxd5 Nxd5 22. Qb1 Rd8 23. Rc1 Qa6 24. Bxd5 Rxd5 25. Rb8+ Rd8 26. Rxd8+ Kxd8
27. Qb8+ Kd7 28. Qc7+ Ke8 29. Qe7# 1-0

[Event "XX Weekend B"]
[Site "Ceriano Laghetto ITA"]
[Date "2011.04.02"]
[Round "2"]
[White "Moroni, Luca jr"]
[Black "Sala, Giovanni"]
[Result "0-1"]
[WhiteElo "1815"]
[BlackElo "1964"]
[PlyCount "58"]
[EventDate "2011.04.01"]

1. e4 c5 2. Nf3 d6 3. d4 cxd4 4. Nxd4 Nf6 5. Nc3 a6 6. Be2 e5 7. Nb3 Be7 8. O-O
O-O 9. Be3 Nbd7 10. f4 b5 11. Bf3 Bb7 12. a3 Qc7 13. Qe2 Rfe8 14. f5 d5 15.
exd5 e4 16. Bxe4 Bd6 17. Bd3 Bxh2+ 18. Kh1 Ne5 19. Qd2 Nh5 20. Rf3 Nxf3 21.
gxf3 Bf4 22. Bxf4 Qxf4 23. Qxf4 Nxf4 24. Be4 Rad8 25. Rd1 Rd6 26. Nc5 Ba8 27.
Nd3 Nxd5 28. Nc5 Rh6+ 29. Kg2 Ne3+ 0-1

[Event "XX Weekend B"]
[Site "Ceriano Laghetto ITA"]
[Date "2011.04.02"]
[Round "2"]
[White "Paganini, Andrea"]
[Black "Carbone, Lorenzo"]
[Result "1/2-1/2"]
[WhiteElo "1844"]
[BlackElo "1733"]
[PlyCount "43"]
[EventDate "2011.04.01"]

1. e4 c5 2. d4 cxd4 3. c3 dxc3 4. Nxc3 a6 5. Nf3 d6 6. Bc4 e6 7. O-O Be7 8. Qe2
Nf6 9. Rd1 Qc7 10. Bf4 b5 11. Bxb5+ axb5 12. Nxb5 Qb6 13. Bxd6 Ba6 14. Rac1
Nbd7 15. Nc7+ Qxc7 16. Qxa6 Rxa6 17. Rxc7 Ra8 18. Bxe7 Kxe7 19. Ne5 Rhc8 20.
Rb7 Rab8 21. Ra7 Ra8 22. Rb7 1/2-1/2

[Event "XX Weekend B"]
[Site "Ceriano Laghetto ITA"]
[Date "2011.04.02"]
[Round "2"]
[White "Primerano, Carlo"]
[Black "Palminteri, Vincenzo"]
[Result "1-0"]
[WhiteElo "1750"]
[BlackElo "1898"]
[PlyCount "55"]
[EventDate "2011.04.01"]

1. d4 d6 2. c4 e5 3. d5 f5 4. Nc3 Nf6 5. Bg5 Be7 6. h4 h6 7. Bd2 O-O 8. Qc2 Na6
9. e4 fxe4 10. O-O-O Ng4 11. Nxe4 Nxf2 12. Nxf2 Rxf2 13. g3 Nc5 14. Bd3 Qf8 15.
Nh3 Rf3 16. Bh7+ Kh8 17. Ng5 Bf5 18. Bxf5 Rxf5 19. g4 Rxg5 20. hxg5 e4 21. gxh6
Qf3 22. hxg7+ Kxg7 23. Bc3+ Kg6 24. Kb1 a5 25. Qh2 Bf6 26. Qh7+ Kg5 27. Qh5+
Kf4 28. Bxf6 1-0

[Event "XX Weekend B"]
[Site "Ceriano Laghetto ITA"]
[Date "2011.04.02"]
[Round "2"]
[White "Ranfagni, Stefano"]
[Black "Colombo, Luca"]
[Result "1-0"]
[WhiteElo "1965"]
[BlackElo "1855"]
[PlyCount "55"]
[EventDate "2011.04.01"]

1. e4 c5 2. Nc3 Nc6 3. g3 g6 4. Bg2 Bg7 5. d3 d6 6. Be3 Nd4 7. Qc1 Rb8 8. Nce2
e5 9. c3 Ne6 10. Nh3 Ne7 11. O-O O-O 12. f4 f5 13. Qc2 b6 14. Rad1 Bb7 15. Qb3
Qd7 16. Ng5 d5 17. Nxe6 Qxe6 18. fxe5 fxe4 19. dxe4 c4 20. Qb4 Rxf1+ 21. Rxf1
dxe4 22. Nd4 Qd7 23. e6 Qe8 24. Qxc4 Rc8 25. Qb5 Qxb5 26. Nxb5 Nf5 27. Bf4 Bc6
28. a4 1-0

[Event "XX Weekend B"]
[Site "Ceriano Laghetto ITA"]
[Date "2011.04.02"]
[Round "2"]
[White "Regorda, Vittorio"]
[Black "Silini, Bruno"]
[Result "1-0"]
[WhiteElo "1884"]
[BlackElo "1661"]
[PlyCount "99"]
[EventDate "2011.04.01"]

1. d4 Nf6 2. c4 g6 3. Nc3 Bg7 4. e4 d6 5. f3 Nc6 6. Be3 O-O 7. Bd3 e6 8. Nge2
a6 9. Qd2 Ne7 10. Kf2 Nd7 11. g4 b6 12. h4 Bb7 13. Rag1 f5 14. Bh6 fxg4 15.
Rxg4 Nf6 16. Rgg1 Nh5 17. Bxg7 Kxg7 18. d5 e5 19. Qg5 Kh8 20. Ng3 Nf4 21. Bf1
h6 22. Qxh6+ Kg8 23. Nh5 Rf7 24. Nxf4 Rxf4 25. Rxg6+ Nxg6 26. Qxg6+ Kf8 27.
Qh6+ Ke8 28. Ne2 Qf6 29. Qh5+ Ke7 30. Nxf4 Qxf4 31. Qg5+ Qf6 32. Rg1 Rf8 33.
Bh3 Ke8 34. Qxf6 Rxf6 35. Rg5 c6 36. Rg8+ Rf8 37. Rxf8+ Kxf8 38. Be6 a5 39. Bd7
cxd5 40. cxd5 Ba6 41. Ke3 Bf1 42. f4 Ke7 43. Bg4 Kf6 44. f5 b5 45. Be2 Bh3 46.
Bxb5 Bg2 47. a3 Kg7 48. b4 axb4 49. axb4 Kh6 50. Be2 1-0

[Event "XX Weekend B"]
[Site "Ceriano Laghetto ITA"]
[Date "2011.04.02"]
[Round "2"]
[White "Rossi, Giampiero"]
[Black "Cervini, Gian Piero"]
[Result "1/2-1/2"]
[WhiteElo "1954"]
[BlackElo "1712"]
[PlyCount "43"]
[EventDate "2011.04.01"]

1. d4 Nf6 2. c4 g6 3. g3 Bg7 4. Bg2 O-O 5. Nc3 d6 6. Nf3 c6 7. O-O Nbd7 8. b3
e5 9. Qc2 exd4 10. Nxd4 Nc5 11. Rd1 Ne6 12. Nxe6 fxe6 13. Bb2 Qe7 14. Rd3 d5
15. Rad1 Bd7 16. cxd5 exd5 17. e4 dxe4 18. Nxe4 Bf5 19. Bxf6 Bxf6 20. Re3 Rad8
21. Nxf6+ Qxf6 22. Qe2 1/2-1/2

[Event "XX Weekend B"]
[Site "Ceriano Laghetto ITA"]
[Date "2011.04.02"]
[Round "2"]
[White "Veri', Giustino"]
[Black "Megassini, Stefano"]
[Result "1-0"]
[WhiteElo "1661"]
[BlackElo "1814"]
[PlyCount "73"]
[EventDate "2011.04.01"]

1. d4 Nf6 2. Nf3 e6 3. c4 b6 4. Nc3 Bb4 5. Qb3 Bxc3+ 6. Qxc3 Bb7 7. g3 O-O 8.
Bg2 d6 9. O-O Nbd7 10. Bg5 h6 11. Bxf6 Nxf6 12. Rfe1 c5 13. dxc5 dxc5 14. Rad1
Qc7 15. Rd3 Rad8 16. Red1 Rxd3 17. Rxd3 Rd8 18. Qd2 Rxd3 19. Qxd3 Qd7 20. Qxd7
Nxd7 21. Nd2 Bxg2 22. Kxg2 Kf8 23. f4 Ke7 24. e4 f6 25. h4 Kd6 26. Kf3 g6 27.
g4 g5 28. hxg5 hxg5 29. e5+ fxe5 30. fxg5 Nf8 31. Ke4 Ng6 32. Nf3 a6 33. a4 b5
34. axb5 axb5 35. cxb5 c4 36. b6 Kc6 37. Nxe5+ 1-0

[Event "XX Weekend B"]
[Site "Ceriano Laghetto ITA"]
[Date "2011.04.02"]
[Round "2"]
[White "Viale, Fabio"]
[Black "Miracola, Massimiliano"]
[Result "0-1"]
[WhiteElo "1810"]
[BlackElo "1929"]
[PlyCount "80"]
[EventDate "2011.04.01"]

1. d4 d5 2. c4 e6 3. Nc3 c6 4. e4 dxe4 5. Nxe4 Bb4+ 6. Bd2 Qxd4 7. Bxb4 Qxe4+
8. Be2 Na6 9. Bc3 Ne7 10. Nf3 O-O 11. O-O Ng6 12. Bd3 Qg4 13. h3 Qh5 14. Re1 f6
15. Bf1 Qc5 16. Qd2 Qe7 17. Rad1 e5 18. b4 Be6 19. Qb2 c5 20. b5 Nc7 21. Qc2
Rfd8 22. Bd3 Qf7 23. Bb2 Rd7 24. Be4 Rad8 25. Rxd7 Qxd7 26. Bxb7 Nxb5 27. Ba6
Nd4 28. Nxd4 cxd4 29. Bb5 Qb7 30. Ba3 Nf4 31. f3 d3 32. Qd2 a6 33. Ba4 Bxc4 34.
Re4 Qb1+ 35. Kf2 Qxa2 36. Qxa2 Bxa2 37. Be7 Rb8 38. Bc6 Rb2+ 39. Kg3 Rxg2+ 40.
Kh4 g5# 0-1

[Event "XX Weekend B"]
[Site "Ceriano Laghetto ITA"]
[Date "2011.04.02"]
[Round "2"]
[White "Visigalli, Cesare"]
[Black "Mancin, Mariano"]
[Result "0-1"]
[WhiteElo "1798"]
[BlackElo "1907"]
[PlyCount "72"]
[EventDate "2011.04.01"]

1. e4 g6 2. d4 Bg7 3. Nf3 d6 4. c4 e5 5. dxe5 dxe5 6. Qxd8+ Kxd8 7. Nc3 f6 8.
Be3 Be6 9. Rd1+ Nd7 10. Be2 Nh6 11. h3 Nf7 12. O-O c6 13. b4 Ke7 14. c5 b5 15.
g4 a5 16. a3 axb4 17. axb4 Ra3 18. Bd2 Rha8 19. Rb1 Bh6 20. Rfc1 Bxd2 21. Nxd2
f5 22. f3 Nf6 23. Kg2 h5 24. Rb2 hxg4 25. hxg4 fxe4 26. fxe4 Bxg4 27. Bxb5 cxb5
28. Nxb5 Ra2 29. Rcb1 Rxb2 30. Rxb2 Be6 31. Nc7 Ra2 32. Rxa2 Bxa2 33. b5 Kd7
34. Na6 Nxe4 35. Nxe4 Bd5 36. Kf3 Ng5+ 0-1

[Event "XX Weekend B"]
[Site "Ceriano Laghetto ITA"]
[Date "2011.04.02"]
[Round "2"]
[White "Vuckovic, Dimitrije"]
[Black "Ferraris, Fulvio"]
[Result "0-1"]
[WhiteElo "1615"]
[BlackElo "1719"]
[PlyCount "75"]
[EventDate "2011.04.01"]

1. Nf3 e6 2. c4 Nf6 3. Nc3 d5 4. d4 Bb4 5. e3 c6 6. Bd2 Nbd7 7. Bd3 Qc7 8. Qc2
dxc4 9. Bxc4 b5 10. Be2 Bd6 11. Ne4 Nxe4 12. Qxe4 Bb7 13. Qc2 Nf6 14. Rc1 Rc8
15. e4 Bf4 16. e5 Bxd2+ 17. Nxd2 Nd5 18. O-O f5 19. Qc5 Nf4 20. Rfe1 a6 21. Nf3
h6 22. Nh4 g5 23. Nf3 Kf7 24. g3 Nh3+ 25. Kg2 g4 26. Ng1 Ng5 27. f3 h5 28. h3
gxh3+ 29. Nxh3 Nxh3 30. Kxh3 Rcd8 31. Qb4 a5 32. Qd2 Rd5 33. Qf4 Qe7 34. a3 Kg6
35. Qd2 Qg5 36. f4 Qd8 37. Red1 Rd7 38. Bf3 0-1

[Event "XX Weekend B"]
[Site "Ceriano Laghetto ITA"]
[Date "2011.04.02"]
[Round "3"]
[White "Alberio, Silvio"]
[Black "Viale, Fabio"]
[Result "1/2-1/2"]
[WhiteElo "1821"]
[BlackElo "1810"]
[PlyCount "43"]
[EventDate "2011.04.01"]

1. d4 Nf6 2. c4 e6 3. Nc3 Bb4 4. Qc2 O-O 5. a3 Bxc3+ 6. Qxc3 b6 7. f3 d5 8. e3
Nbd7 9. Bd3 c5 10. Ne2 Bb7 11. O-O Rc8 12. cxd5 cxd4 13. Qxd4 Bxd5 14. e4 e5
15. Qf2 Bb7 16. Qg3 Nc5 17. Bc2 Qe7 18. Nc3 Rfd8 19. Be3 Ba6 20. Rac1 Nh5 21.
Qg4 Nf6 22. Qg3 1/2-1/2

[Event "XX Weekend B"]
[Site "Ceriano Laghetto ITA"]
[Date "2011.04.02"]
[Round "3"]
[White "Bertamini, Alberto"]
[Black "Vuckovic, Dimitrije"]
[Result "0-1"]
[WhiteElo "1692"]
[BlackElo "1615"]
[PlyCount "93"]
[EventDate "2011.04.01"]

1. d4 Nf6 2. c4 g6 3. Nc3 Bg7 4. Nf3 d6 5. e3 O-O 6. Bd3 Nc6 7. a3 Bd7 8. Qc2
Re8 9. h3 e5 10. d5 Ne7 11. g4 c6 12. e4 cxd5 13. cxd5 a6 14. Be2 Rc8 15. g5
Nh5 16. Be3 Nf4 17. Bxf4 exf4 18. Qd2 Be5 19. Nd4 Qb6 20. O-O-O Ba4 21. Nc2
Bxc2 22. Qxc2 Qxf2 23. Rdf1 Qe3+ 24. Kb1 Bxc3 25. Rf3 Qb6 26. Rxc3 Rc5 27. Bg4
Qa7 28. Rf1 Nc8 29. Rxf4 b5 30. h4 Qe7 31. b4 Rxc3 32. Qxc3 Nb6 33. Qf3 Nc4 34.
Qc3 Qe5 35. Qxe5 Rxe5 36. Bd1 a5 37. bxa5 Nxa5 38. Be2 Nc4 39. Ka2 Nd2 40. Bxb5
Nxe4 41. Kb3 Nc5+ 42. Kc4 Re1 43. a4 Rc1+ 44. Kb4 Rd1 45. Be8 Nd3+ 46. Kb5 Nxf4
47. Bc6 0-1

[Event "XX Weekend B"]
[Site "Ceriano Laghetto ITA"]
[Date "2011.04.02"]
[Round "3"]
[White "Brioschi, Camillo"]
[Black "Schingaro, Angelo"]
[Result "1-0"]
[WhiteElo "1853"]
[BlackElo "1718"]
[PlyCount "69"]
[EventDate "2011.04.01"]

1. d4 d5 2. c4 c6 3. Nf3 Nf6 4. Nc3 e6 5. Bg5 h6 6. Bh4 dxc4 7. e4 g5 8. Bg3 b5
9. e5 Nd5 10. Qc2 Nd7 11. Be2 Bb7 12. Nxd5 cxd5 13. O-O Be7 14. Nd2 Qb6 15.
Rad1 Rc8 16. Nb1 b4 17. f4 gxf4 18. Rxf4 Nxe5 19. Kh1 Ng6 20. Rxf7 Kxf7 21.
Rf1+ Ke8 22. Qxg6+ Kd7 23. Rf7 Rcf8 24. Rxe7+ Kxe7 25. Bh4+ Kd7 26. Qg7+ Kc6
27. Bg3 Qd8 28. Qe5 Qd7 29. Nd2 Rhg8 30. Nxc4 Rf5 31. Na5+ Kb6 32. Qe3 Kxa5 33.
a3 Qf7 34. Qd3 Qd7 35. Bc7+ 1-0

[Event "XX Weekend B"]
[Site "Ceriano Laghetto ITA"]
[Date "2011.04.02"]
[Round "3"]
[White "Carbone, Lorenzo"]
[Black "Brigatti, Lorenzo"]
[Result "0-1"]
[WhiteElo "1733"]
[BlackElo "1830"]
[PlyCount "118"]
[EventDate "2011.04.01"]

1. e4 c5 2. Nf3 d6 3. d4 cxd4 4. Nxd4 Nf6 5. Nc3 g6 6. Be3 Bg7 7. Bc4 Nc6 8.
Nxc6 bxc6 9. h3 O-O 10. Qd2 Qa5 11. f3 Rb8 12. Bb3 Be6 13. O-O-O Nd7 14. Bd4
Nc5 15. Bxe6 fxe6 16. Bxg7 Kxg7 17. a3 e5 18. Na2 Qa6 19. Rhf1 Na4 20. b3 Nc5
21. Kb2 Na4+ 22. Ka1 Nc5 23. Kb2 Qb7 24. Qb4 Qc8 25. Qc4 a5 26. Nc3 Qe6 27.
Qxe6 Nxe6 28. Ne2 Rb7 29. Ka2 Rbb8 30. g3 Rf7 31. Rf2 Rbf8 32. Ng1 Ng5 33. Re1
Nxf3 34. Nxf3 Rxf3 35. Rg2 Rc3 36. h4 Rff3 37. g4 Rce3 38. Rh1 Rg3 39. Rf2 Ref3
40. Rfh2 Rxg4 41. h5 g5 42. Re2 Rff4 43. Rhe1 Kh6 44. a4 Kxh5 45. b4 axb4 46.
a5 Rg3 47. Re3 Rff3 48. Rb3 Rxb3 49. cxb3 Rf3 50. Kb2 Rf8 51. Kc2 Ra8 52. Ra1
Ra6 53. Kd3 g4 54. Kc4 Kg5 55. Kxb4 h5 56. Kc4 h4 57. b4 g3 58. b5 cxb5+ 59.
Kxb5 Ra8 0-1

[Event "XX Weekend B"]
[Site "Ceriano Laghetto ITA"]
[Date "2011.04.02"]
[Round "3"]
[White "Casonato, Mattias"]
[Black "Moroni, Luca jr"]
[Result "0-1"]
[WhiteElo "1581"]
[BlackElo "1815"]
[PlyCount "114"]
[EventDate "2011.04.01"]

1. Nf3 Nf6 2. b3 b6 3. Bb2 e6 4. d4 Bb7 5. g3 Be7 6. Bg2 O-O 7. O-O d5 8. Nbd2
Nbd7 9. Ne5 c5 10. e3 Qc7 11. f4 Bd6 12. Ndf3 Ne4 13. Nxd7 Qxd7 14. Ne5 Qc7 15.
Bxe4 dxe4 16. c3 Rad8 17. Qe2 f5 18. h4 Rc8 19. Rac1 Rfd8 20. c4 Qe7 21. Kg2
Ba8 22. Rh1 Qc7 23. Kf2 Qb7 24. Rcg1 Bxe5 25. fxe5 Qf7 26. h5 Rc7 27. Rh4 Rcd7
28. Qd1 Qf8 29. Rf4 cxd4 30. Bxd4 Qc5 31. Bxc5 Rxd1 32. Bd4 Rxg1 33. Kxg1 g5
34. hxg6 hxg6 35. Rh4 Kg7 36. Kf2 g5 37. Rh2 Bc6 38. a4 Be8 39. Rh1 Bc6 40. Rg1
Kg6 41. Ke2 Rh8 42. Kd2 Rh2+ 43. Kc3 Kh5 44. a5 bxa5 45. Bxa7 Kg4 46. Bc5 Rh3
47. Be7 Rh7 48. Bc5 Rd7 49. Bd6 Kf3 50. Kd4 Kf2 51. Ra1 Kxg3 52. Rxa5 f4 53.
exf4 gxf4 54. b4 f3 55. Ra3 Kg2 56. Ke3 f2 57. Ra2 Rf7 0-1

[Event "XX Weekend B"]
[Site "Ceriano Laghetto ITA"]
[Date "2011.04.02"]
[Round "3"]
[White "Cervini, Gian Piero"]
[Black "Fornasir, Carlo Gustavo"]
[Result "0-1"]
[WhiteElo "1712"]
[BlackElo "1879"]
[PlyCount "86"]
[EventDate "2011.04.01"]

1. e4 e5 2. Nf3 Nc6 3. d4 exd4 4. Bc4 Bb4+ 5. c3 dxc3 6. bxc3 Qf6 7. Bb2 Be7 8.
O-O d6 9. Nd4 Nxd4 10. cxd4 Nh6 11. Nc3 c6 12. d5 Qg6 13. Bd3 Qg4 14. Qc2 O-O
15. Rad1 f5 16. Rfe1 f4 17. f3 Qh5 18. Ne2 Bh4 19. Rf1 cxd5 20. exd5 Bf5 21.
Nxf4 Bxd3 22. Nxd3 Qxd5 23. Qc7 Bf6 24. Bc1 Nf5 25. Rfe1 Rac8 26. Qd7 Rfd8 27.
Qa4 Rc4 28. Qb3 Nd4 29. Qb1 Rdc8 30. Nf4 Qc5 31. Be3 Bg5 32. Bxd4 Rxd4 33. Ne6
Rxd1+ 34. Nxc5 Rxb1 35. Rxb1 dxc5 36. Rxb7 c4 37. Rb2 c3 38. Rc2 Bd2 39. Kf2
Re8 40. Kf1 Re3 41. Kf2 Kf7 42. Kf1 Ke6 43. Kf2 Kd5 0-1

[Event "XX Weekend B"]
[Site "Ceriano Laghetto ITA"]
[Date "2011.04.02"]
[Round "3"]
[White "Colombo, Luca"]
[Black "Carletti, Davide M."]
[Result "1-0"]
[WhiteElo "1855"]
[BlackElo "1723"]
[PlyCount "155"]
[EventDate "2011.04.01"]

1. e4 e5 2. Nf3 Nc6 3. Bb5 a6 4. Bxc6 dxc6 5. O-O Bd6 6. d4 Bg4 7. dxe5 Bxf3 8.
Qxf3 Bxe5 9. Rd1 Qf6 10. Qxf6 Bxf6 11. c3 Be7 12. Be3 Nf6 13. f3 O-O 14. Nd2
Rfd8 15. Nb3 b6 16. Nd4 Bc5 17. Kf2 Bxd4 18. cxd4 Ne8 19. Rac1 Rd6 20. Bf4 Rf6
21. Bg3 Re6 22. d5 cxd5 23. Rxd5 c6 24. Rd2 h6 25. Rcd1 Nf6 26. Bf4 Re7 27. Rd6
Rc8 28. Be3 b5 29. Ke2 Kh7 30. Rc1 Re6 31. Rxe6 fxe6 32. Rd1 Ne8 33. Rd7 Nf6
34. Rd6 e5 35. Re6 Nd7 36. Re7 Rd8 37. Re6 Rc8 38. b4 Kg8 39. Re7 Rd8 40. Bc1
Kf8 41. Re6 Rc8 42. Bb2 Kf7 43. Rd6 Ke7 44. Rd2 Nb6 45. Rd1 Nc4 46. Bc3 Rd8 47.
Rxd8 Kxd8 48. f4 Ke7 49. fxe5 Ke6 50. Kd3 Nxe5+ 51. Kd4 Kd6 52. Ke3 Nc4+ 53.
Kf4 g5+ 54. Kf5 Ne3+ 55. Kf6 Ng4+ 56. Kg6 Nxh2 57. Kxh6 g4 58. Kg5 g3 59. Kf5
Nf1 60. Kf6 Ne3 61. Be5+ Kd7 62. Bxg3 Ke8 63. Ke6 Nxg2 64. Kd6 Ne3 65. Kxc6 Nc2
66. Bd6 Na3 67. e5 Nc4 68. Kb7 a5 69. bxa5 Nxa5+ 70. Ka6 Nc6 71. Kxb5 Na7+ 72.
Kb6 Nc8+ 73. Kc7 Ne7 74. Bxe7 Kxe7 75. a4 Ke6 76. a5 Kxe5 77. a6 Kd5 78. a7 1-0

[Event "XX Weekend B"]
[Site "Ceriano Laghetto ITA"]
[Date "2011.04.02"]
[Round "3"]
[White "Ferraris, Fulvio"]
[Black "Paganini, Andrea"]
[Result "0-1"]
[WhiteElo "1719"]
[BlackElo "1844"]
[PlyCount "44"]
[EventDate "2011.04.01"]

1. d4 d5 2. c4 c6 3. cxd5 cxd5 4. Nc3 Nf6 5. Bg5 Nc6 6. e3 e6 7. a3 Be7 8. Bd3
h6 9. Bxf6 Bxf6 10. Nge2 a6 11. Qc2 O-O 12. Nf4 Qd6 13. g3 e5 14. dxe5 Nxe5 15.
O-O-O Nxd3+ 16. Qxd3 Bg4 17. Rd2 Bxc3 18. bxc3 Qxa3+ 19. Rb2 Rac8 20. Nxd5 Bf3
21. Re1 Bxd5 22. Qxd5 Qxc3+ 0-1

[Event "XX Weekend B"]
[Site "Ceriano Laghetto ITA"]
[Date "2011.04.02"]
[Round "3"]
[White "Guzzetti, Luigi Enrico"]
[Black "Primerano, Carlo"]
[Result "1-0"]
[WhiteElo "1908"]
[BlackElo "1750"]
[PlyCount "45"]
[EventDate "2011.04.01"]

1. e4 c5 2. Nf3 e6 3. d4 cxd4 4. Nxd4 a6 5. Be2 Qc7 6. O-O Nc6 7. Be3 Nf6 8.
Nc3 b5 9. a3 Bb7 10. Nxc6 Bxc6 11. Bf3 Bd6 12. g3 h5 13. Bd4 h4 14. Qe2 hxg3
15. fxg3 Be5 16. Qf2 Ke7 17. Rae1 Rh3 18. Nd5+ Bxd5 19. Bxe5 Qxe5 20. exd5 Qd6
21. dxe6 Rah8 22. exd7+ Kxd7 23. Rd1 1-0

[Event "XX Weekend B"]
[Site "Ceriano Laghetto ITA"]
[Date "2011.04.02"]
[Round "3"]
[White "Madaschi, Sergio"]
[Black "Conta, Diego"]
[Result "0-1"]
[WhiteElo "1620"]
[BlackElo "1688"]
[PlyCount "73"]
[EventDate "2011.04.01"]

1. e4 c5 2. Nf3 e6 3. d4 cxd4 4. Nxd4 Nf6 5. Nc3 Bb4 6. e5 Nd5 7. Qg4 O-O 8.
Bh6 g6 9. Bxf8 Qxf8 10. Ndb5 Nxc3 11. Nxc3 Qc5 12. Qc4 Qxe5+ 13. Be2 Nc6 14.
O-O Bxc3 15. bxc3 d5 16. Qd3 Na5 17. Rfe1 Nc4 18. Bf3 Qf6 19. Qd4 Qd8 20. Bd1
Bd7 21. Be2 Rc8 22. g3 b6 23. Qd3 Qf6 24. Qd4 Qxd4 25. cxd4 Na3 26. Bd3 Nxc2
27. Bxc2 Rxc2 28. Red1 Ba4 29. Rd3 Rc4 30. Rd2 b5 31. a3 a5 32. Kg2 Bb3 33. Kf3
Ra4 34. Rb1 Bc4 35. Ke3 b4 36. Kf4 f6 37. Re2 0-1